[Event "Kvika Reykjavik Open 2022"]
[Site "Reykjavik ISL"]
[Date "2022.04.07"]
[Round "3.20"]
[White "Valkama, Eero"]
[Black "Korley, Kassa"]
[Result "0-1"]
[WhiteTitle "FM"]
[BlackTitle "IM"]
[WhiteElo "2244"]
[BlackElo "2400"]
[WhiteFideId "507555"]
[BlackFideId "2033801"]
[EventDate "2022.04.06"]

1. e4 e5 2. Nf3 Nf6 3. Nxe5 d6 4. Nf3 Nxe4 5. Qe2 Qe7 6. d3 Nf6 7. Bg5 Nbd7 8.
Nc3 Qxe2+ 9. Bxe2 h6 10. Bd2 c6 11. O-O d5 12. Rfe1 Bd6 13. d4 O-O 14. Bd3 Re8
15. Rxe8+ Nxe8 16. Re1 Nc7 17. Ne2 Ne6 18. Nh4 Nf6 19. Nf5 Bf8 20. c3 h5 21. Nf4
g6 22. Nxe6 Bxe6 23. Nh4 Re8 24. Nf3 Bd6 25. Ng5 Bd7 26. Rxe8+ Nxe8 27. Nf3 Nc7
28. Ne1 Kg7 29. h4 Ne6 30. g3 f6 31. Kg2 Kf7 32. Nc2 Ng7 33. Ne3 g5 34. Kf3 gxh4
35. gxh4 Bh3 36. Ke2 f5 37. Kf3 f4 38. Nf1 Bg4+ 39. Kg2 Nf5 40. Bxf5 f3+ 41. Kg1
Bxf5 42. Bg5 Kg6 43. Nd2 Be4 44. Kf1 Bd3+ 45. Ke1 Be2 46. Nb3 b6 47. Nc1 Ba6 48.
Kd2 Kf5 49. Ke3 Kg4 50. Nb3 Be2 51. Nd2 c5 52. a3 c4 53. Nb1 Kh3 54. Nd2 Kg2 0-1

[Event "Kvika Reykjavik Open 2022"]
[Site "Reykjavik ISL"]
[Date "2022.04.07"]
[Round "3.21"]
[White "Mishra, Abhimanyu"]
[Black "Marie, Maxime"]
[Result "1-0"]
[WhiteTitle "GM"]
[BlackTitle "CM"]
[WhiteElo "2524"]
[BlackElo "2150"]
[WhiteFideId "30920019"]
[BlackFideId "625590"]
[EventDate "2022.04.06"]

1. d4 Nf6 2. c4 e6 3. Nf3 Bb4+ 4. Bd2 a5 5. a3 Bxd2+ 6. Qxd2 b6 7. Nc3 d5 8.
cxd5 exd5 9. g3 O-O 10. Bg2 Re8 11. Qc2 g6 12. O-O Bf5 13. Qb3 c6 14. Ne5 Ra7
15. Rac1 b5 16. e3 Ng4 17. Nxc6 Nxc6 18. Nxb5 Qb8 19. Rxc6 a4 20. Qxd5 Ra5 21.
Rc5 Bd3 22. Nd6 Rxc5 23. Qxf7+ Kh8 24. Nxe8 1-0

[Event "Kvika Reykjavik Open 2022"]
[Site "Reykjavik ISL"]
[Date "2022.04.07"]
[Round "3.23"]
[White "Willow, Jonah B"]
[Black "Coursaget, Nicolas"]
[Result "1-0"]
[WhiteTitle "FM"]
[BlackTitle "FM"]
[WhiteElo "2411"]
[BlackElo "2180"]
[WhiteFideId "438804"]
[BlackFideId "610127"]
[EventDate "2022.04.06"]

1. e4 c6 2. d4 d5 3. e5 c5 4. dxc5 Nc6 5. Nf3 Bg4 6. c3 Bxf3 7. Qxf3 e6 8. b4
Nxe5 9. Bb5+ Nc6 10. O-O Be7 11. Bf4 Bf6 12. Nd2 Ne7 13. Rad1 Qc8 14. Rfe1 O-O
15. Bd6 Rd8 16. Bxc6 Qxc6 17. Nb3 Qa4 18. Rd2 Nc6 19. Qd3 Rd7 20. Rb1 Rc8 21. f4
a6 22. f5 exf5 23. Qxf5 Rcd8 24. Re2 Ne7 25. Qf3 Rxd6 26. cxd6 Rxd6 27. Rbe1 Qd7
28. Nc5 Qc7 29. Qf4 g5 30. Qg3 Ng6 31. Nxb7 Qb6+ 32. Nc5 d4 33. Kh1 Nf4 34. Re8+
Kg7 35. Ne4 dxc3 1-0

[Event "Kvika Reykjavik Open 2022"]
[Site "Reykjavik ISL"]
[Date "2022.04.07"]
[Round "3.24"]
[White "Baskin, Robert"]
[Black "Decosse, Jean-Fabien"]
[Result "1/2-1/2"]
[WhiteTitle "IM"]
[BlackTitle "CM"]
[WhiteElo "2393"]
[BlackElo "2160"]
[WhiteFideId "24662402"]
[BlackFideId "622583"]
[EventDate "2022.04.06"]

1. e4 d6 2. d4 Nf6 3. Nc3 e5 4. Nf3 Nbd7 5. Bc4 Be7 6. a4 O-O 7. O-O a5 8. h3 c6
9. Re1 exd4 10. Qxd4 Nc5 11. Bf4 Ne6 12. Bxe6 Bxe6 13. Rad1 d5 14. exd5 cxd5 15.
Ng5 Bf5 16. Qe5 Bxc2 17. Qxe7 Qxe7 18. Rxe7 Bxd1 19. Nxd1 Rfe8 20. Rxe8+ Rxe8
21. Bd2 Ne4 22. Nxe4 Rxe4 23. Kf1 Rxa4 24. Ke2 d4 25. f3 f5 26. Nf2 Kf7 27. Nd3
b6 28. Bf4 Ke6 1/2-1/2

[Event "Kvika Reykjavik Open 2022"]
[Site "Reykjavik ISL"]
[Date "2022.04.07"]
[Round "3.25"]
[White "Kull, Florian"]
[Black "Sukandar, Irine Kharisma"]
[Result "0-1"]
[BlackTitle "IM"]
[WhiteElo "2138"]
[BlackElo "2386"]
[WhiteFideId "4637097"]
[BlackFideId "7101937"]
[EventDate "2022.04.06"]

1. c4 c5 2. Nc3 Nc6 3. g3 g6 4. Bg2 Bg7 5. a3 d6 6. Rb1 e6 7. e3 Nge7 8. Nge2
O-O 9. O-O b6 10. b4 d5 11. d4 cxd4 12. exd4 Bb7 13. b5 Na5 14. c5 bxc5 15. dxc5
d4 16. Ne4 Bd5 17. Nd6 Bxg2 18. Kxg2 Qc7 19. Bd2 Qxc5 20. Bb4 Qd5+ 21. Kg1 e5
22. Re1 Nb7 23. Nxd4 exd4 24. Nxb7 Qxb7 25. Rxe7 Qd5 26. Qd3 Bf6 27. Rc7 Rfe8
28. Rbc1 h5 29. R1c5 Qe4 30. Qb3 Re6 31. R5c6 h4 32. gxh4 Bxh4 33. Rxe6 fxe6 34.
Qh3 Re8 35. Qg2 Qb1+ 36. Qf1 Qf5 37. Rc5 Qg4+ 38. Qg2 Qd1+ 39. Qf1 Bxf2+ 40. Kg2
Qg4+ 0-1

[Event "Kvika Reykjavik Open 2022"]
[Site "Reykjavik ISL"]
[Date "2022.04.07"]
[Round "3.26"]
[White "Martin, Julian"]
[Black "Sigeman, Johan"]
[Result "1-0"]
[WhiteTitle "IM"]
[WhiteElo "2385"]
[BlackElo "2136"]
[WhiteFideId "12941000"]
[BlackFideId "1705601"]
[EventDate "2022.04.06"]

1. e4 e5 2. Nf3 Nc6 3. Bb5 a6 4. Ba4 Nf6 5. O-O Nxe4 6. d4 b5 7. Bb3 d5 8. dxe5
Be6 9. Qe2 Be7 10. Rd1 O-O 11. c4 bxc4 12. Bxc4 Bc5 13. Be3 Bxe3 14. Qxe3 Qb8
15. Bb3 Na5 16. Nd4 Nxb3 17. Nxb3 Qb6 18. Qxb6 cxb6 19. f3 Nc5 20. Nd4 Rac8 21.
Nc3 Rfd8 22. Rac1 h5 23. Nce2 g6 24. Nf4 Re8 25. Ndxe6 fxe6 26. Nxg6 Kf7 27. Nf4
h4 28. g4 Nd7 29. Nd3 Nc5 30. Nxc5 Rxc5 31. Rxc5 bxc5 32. b3 Rb8 33. Rc1 Rb5 34.
Kg2 Kg6 35. f4 Rb4 36. Kf3 Rb5 37. Kg2 Rb4 38. Rf1 Re4 39. Kf3 Rb4 40. Kg2 Re4
41. Kh3 Re2 42. f5+ Kf7 43. f6 Rxe5 44. Kxh4 Re2 45. h3 d4 46. g5 Rg2 47. Rf3 e5
48. Rg3 Rxg3 49. Kxg3 1-0

[Event "Kvika Reykjavik Open 2022"]
[Site "Reykjavik ISL"]
[Date "2022.04.07"]
[Round "3.27"]
[White "Thorfinnsson, Bjorn"]
[Black "De Coninck, Rafael"]
[Result "1-0"]
[WhiteTitle "IM"]
[WhiteElo "2381"]
[BlackElo "2119"]
[WhiteFideId "2300982"]
[BlackFideId "204501"]
[EventDate "2022.04.06"]

1. d4 d5 2. Nf3 Nf6 3. Bg5 e6 4. e3 Nbd7 5. c3 h6 6. Bh4 g5 7. Bg3 Ne4 8. Nbd2
h5 9. Qc2 h4 10. Be5 f6 11. Nxe4 dxe4 12. Qxe4 Rh6 13. Bxc7 Qxc7 14. Qxe6+ Be7
15. Nxg5 Nf8 16. Bb5+ 1-0

[Event "Kvika Reykjavik Open 2022"]
[Site "Reykjavik ISL"]
[Date "2022.04.07"]
[Round "3.28"]
[White "Fantinel, Thibault"]
[Black "Karlsson, Mikael Johann"]
[Result "1-0"]
[WhiteTitle "IM"]
[WhiteElo "2378"]
[BlackElo "2119"]
[WhiteFideId "663395"]
[BlackFideId "2305194"]
[EventDate "2022.04.06"]

1. e4 c5 2. Nf3 Nc6 3. Bb5 g6 4. O-O Bg7 5. Nc3 e5 6. d3 Nge7 7. Bc4 O-O 8. a3
d6 9. b4 Bg4 10. bxc5 dxc5 11. h3 Bxf3 12. Qxf3 Nd4 13. Qd1 Qd7 14. a4 Nec6 15.
Nd5 Kh8 16. a5 Rab8 17. c3 Ne6 18. Qb3 Qd8 19. Qb5 Qd6 20. Be3 f5 21. f3 f4 22.
Bf2 Rfd8 23. Rfb1 Bf8 24. Qa4 Ne7 25. Rb5 Nc8 26. Qb3 Qc6 27. Qa2 Nd6 28. Rb2
Nxc4 29. Qxc4 Rbc8 30. Rab1 Rd7 31. Nb6 Rcd8 32. Nxd7 Rxd7 33. Rb6 axb6 34. Rxb6
Qc7 35. Qxe6 Rxd3 36. Bh4 Qd7 37. Bf6+ Bg7 38. Qxe5 Bxf6 39. Rxf6 Kg8 40. Qxc5
Qd8 41. Rxf4 1-0

[Event "Kvika Reykjavik Open 2022"]
[Site "Reykjavik ISL"]
[Date "2022.04.07"]
[Round "3.29"]
[White "Cramling Bellon, Anna"]
[Black "Hedman, Erik"]
[Result "0-1"]
[WhiteTitle "WFM"]
[BlackTitle "IM"]
[WhiteElo "2057"]
[BlackElo "2362"]
[WhiteFideId "32009232"]
[BlackFideId "1702351"]
[EventDate "2022.04.06"]

1. d4 Nf6 2. c4 g6 3. Nc3 Bg7 4. e4 d6 5. h3 O-O 6. Nf3 e5 7. d5 a5 8. Bg5 Na6
9. Be2 Qe8 10. g4 Nd7 11. Qd2 Ndc5 12. O-O-O Bd7 13. Rdg1 c6 14. Qe3 Nb4 15. h4
cxd5 16. cxd5 f6 17. Bh6 Bxh6 18. Qxh6 Nbd3+ 19. Kb1 Nxf2 20. g5 f5 21. h5 Nxh1
22. Rxh1 Qf7 23. Nh4 Qg7 24. hxg6 Qxh6 25. gxh6 fxe4 26. Rg1 Rf4 27. Ng2 Rf6 28.
Nh4 hxg6 29. Nxg6 Kh7 30. Ne7 Rf7 31. Nxe4 Nxe4 32. Bd3 Rxe7 33. Bxe4+ Kxh6 34.
Rg6+ Kh5 0-1

[Event "Kvika Reykjavik Open 2022"]
[Site "Reykjavik ISL"]
[Date "2022.04.07"]
[Round "3.30"]
[White "Rosen, Eric"]
[Black "Dougherty, Michael"]
[Result "1-0"]
[WhiteTitle "IM"]
[BlackTitle "FM"]
[WhiteElo "2359"]
[BlackElo "2066"]
[WhiteFideId "2032562"]
[BlackFideId "2601559"]
[EventDate "2022.04.06"]

1. d4 g6 2. e4 Bg7 3. Nc3 c6 4. Nf3 d5 5. h3 dxe4 6. Nxe4 Nd7 7. Bc4 Ndf6 8. Ng3
Nh6 9. c3 O-O 10. Ne5 Nd5 11. O-O Nf5 12. Nxf5 Bxf5 13. Qf3 Qd6 14. Re1 Rae8 15.
Bb3 Bc8 16. c4 Nf6 17. Be3 Bf5 18. Rad1 Nd7 19. Ng4 Bxg4 20. hxg4 Qc7 21. Bf4
Qb6 22. Qg3 c5 23. Ba4 Nb8 1-0

[Event "Kvika Reykjavik Open 2022"]
[Site "Reykjavik ISL"]
[Date "2022.04.07"]
[Round "3.31"]
[White "Ruiz Buendia, Miguel"]
[Black "Heimisson, Hilmir Freyr"]
[Result "1/2-1/2"]
[BlackTitle "FM"]
[WhiteElo "2092"]
[BlackElo "2321"]
[WhiteFideId "24537675"]
[BlackFideId "2309998"]
[EventDate "2022.04.06"]

1. e4 c5 2. Nf3 d6 3. d4 cxd4 4. Nxd4 Nf6 5. Nc3 Nc6 6. Bg5 e6 7. Qd2 a6 8.
O-O-O Bd7 9. f4 h6 10. Bh4 Be7 11. Nf3 g5 12. fxg5 Ng4 13. Be2 hxg5 14. Bg3 Nge5
15. Kb1 Rg8 16. Nxe5 Nxe5 17. Bxe5 dxe5 18. Bh5 Rg7 19. Rhf1 Qc7 20. Rxf7 Rxf7
21. Bxf7+ Kxf7 22. Qxd7 Qxd7 23. Rxd7 b5 24. Nd1 Rh8 25. h3 Rh4 26. Ra7 Rxe4 27.
Rxa6 g4 28. c4 b4 29. hxg4 Rxc4 30. Ne3 Re4 31. Nc2 Rf4 32. Kc1 Bg5 33. Kd1 Rf2
34. Nxb4 e4 35. Ra3 Rd2+ 36. Ke1 Rxb2 37. Nc6 Rxg2 38. Ra4 Bh4+ 39. Kd1 e3 40.
Re4 Rd2+ 41. Kc1 Rf2 42. Kd1 Rd2+ 43. Kc1 Rxa2 44. Kd1 Rd2+ 45. Kc1 Rf2 46. Kd1
Rd2+ 47. Kc1 Bf2 48. Ne5+ Kf6 49. Nc4 Re2 50. Kd1 Re1+ 51. Kc2 Rg1 52. Kd3 Rg3
53. Ke2 Ke7 54. Kd3 Bg1 55. Ke2 Kf6 56. Kd3 Kf7 57. Ke2 Ke7 58. Kf1 Kd7 59. Ke2
Kc6 60. Nxe3 Kd6 61. Nf1 Rg2+ 62. Kd3 e5 63. Ra4 Bd4 64. Ra6+ Ke7 65. Nd2 Rg3+
66. Ke4 Rxg4+ 67. Kd5 Rg2 68. Nf3 Bc3 69. Re6+ Kf8 70. Nxe5 Rg5 71. Ke4 Rxe5+
72. Rxe5 Bxe5 1/2-1/2

[Event "Kvika Reykjavik Open 2022"]
[Site "Reykjavik ISL"]
[Date "2022.04.07"]
[Round "3.32"]
[White "White, Nigel"]
[Black "Lim, Zhuo Ren"]
[Result "1/2-1/2"]
[BlackTitle "FM"]
[WhiteElo "2018"]
[BlackElo "2317"]
[WhiteFideId "455830"]
[BlackFideId "5702488"]
[EventDate "2022.04.06"]

1. e4 c5 2. Nf3 d6 3. d4 cxd4 4. Nxd4 Nf6 5. Nc3 a6 6. Bg5 e6 7. f4 Be7 8. Qf3
Qc7 9. O-O-O Nbd7 10. g4 h6 11. Bxf6 Bxf6 12. h4 Nb6 13. g5 Bxd4 14. Rxd4 Qc5
15. Rd2 Bd7 16. Be2 O-O-O 17. gxh6 gxh6 18. Rhd1 Bc6 19. f5 exf5 20. Qxf5+ Qxf5
21. exf5 Kc7 22. Rd4 1/2-1/2

[Event "Kvika Reykjavik Open 2022"]
[Site "Reykjavik ISL"]
[Date "2022.04.07"]
[Round "3.33"]
[White "Sarkar, Justin"]
[Black "Briem, Benedikt"]
[Result "1/2-1/2"]
[WhiteTitle "IM"]
[WhiteElo "2314"]
[BlackElo "2062"]
[WhiteFideId "2010011"]
[BlackFideId "2315432"]
[EventDate "2022.04.06"]

1. d4 d5 2. c4 c6 3. Nf3 Nf6 4. Nc3 e6 5. e3 Nbd7 6. Qc2 Bd6 7. g4 h6 8. Rg1 e5
9. cxd5 cxd5 10. Nb5 Bb8 11. Bd2 e4 12. Rc1 O-O 13. Bb4 Re8 14. Nd2 Nb6 15. Nc7
Bxc7 16. Qxc7 Qxc7 17. Rxc7 Be6 18. Rxb7 Rec8 19. Bc5 Na4 20. Nb3 Nxg4 21. Rg2
Nf6 22. Ba6 Nxb2 23. f4 Nc4 24. Bxc4 dxc4 25. Na5 Nd5 26. Nxc4 Nxf4 27. exf4
Bxc4 28. Rgb2 a6 29. Kd2 Bd5 30. Rd7 Rd8 31. Rxd8+ Rxd8 32. a4 Rd7 33. Ke3 Rb7
34. Rxb7 Bxb7 35. f5 f6 1/2-1/2

[Event "Kvika Reykjavik Open 2022"]
[Site "Reykjavik ISL"]
[Date "2022.04.07"]
[Round "3.35"]
[White "Kartsev, Nikolay"]
[Black "Soham, Das"]
[Result "0-1"]
[BlackTitle "IM"]
[WhiteElo "2041"]
[BlackElo "2303"]
[WhiteFideId "12939536"]
[BlackFideId "35026763"]
[EventDate "2022.04.06"]

1. e4 c6 2. Nc3 d5 3. Nf3 Bg4 4. Be2 dxe4 5. Nxe4 Nf6 6. Nxf6+ exf6 7. h3 Be6 8.
d4 Bd6 9. O-O O-O 10. Be3 Re8 11. Re1 Nd7 12. c4 Nf8 13. Qa4 Qd7 14. d5 cxd5 15.
Qxd7 Bxd7 16. cxd5 Ng6 17. Nd4 Be5 18. Red1 a6 19. Bg4 Rad8 20. Nb3 Bxg4 21.
hxg4 Bxb2 22. Rab1 Ba3 23. Bc5 Bxc5 24. Nxc5 Nf4 25. Rxb7 Ne2+ 26. Kh2 Nc3 27.
Rd3 Nxd5 28. Nxa6 Ra8 29. Nc5 Nf4 30. Rdd7 Rec8 31. Ne4 Rcb8 32. Rxb8+ Rxb8 33.
a4 Ra8 34. a5 h6 35. g3 Ng6 36. Rd5 Ne5 37. Nd6 Nxg4+ 38. Kg2 Ne5 39. Nb7 Ra7
40. f4 Nc4 41. Rc5 Rxb7 42. Rxc4 Rb2+ 43. Kf3 Ra2 44. Rc5 Ra3+ 45. Kg4 g6 46.
Rb5 Kg7 47. Kh4 g5+ 48. Kg4 Kg6 49. f5+ Kg7 50. Rc5 Ra4+ 51. Kh5 Ra1 52. Rc3
Rh1+ 53. Kg4 h5+ 54. Kf3 Ra1 55. Rc5 Ra3+ 56. Kf2 g4 57. Rb5 Kh6 58. Rb7 Rxa5
59. Rxf7 Kg5 60. Rh7 Rxf5+ 61. Kg2 Rc5 62. Rh8 Rc2+ 63. Kg1 Rc7 64. Kf2 Re7 65.
Rg8+ Kf5 66. Rh8 Kg6 67. Rg8+ Rg7 68. Rh8 Rh7 69. Ra8 Kg5 70. Rg8+ Kf5 71. Ra8
Rb7 72. Rh8 Rb2+ 73. Kg1 Ke4 74. Rxh5 Kf3 75. Rf5+ Kxg3 76. Kf1 Rb1+ 77. Ke2 Rb6
78. Kf1 Re6 79. Rf2 Kh3 80. Rf5 g3 81. Rf4 Ra6 82. Ke2 g2 83. Rf3+ Kh2 0-1

[Event "Kvika Reykjavik Open 2022"]
[Site "Reykjavik ISL"]
[Date "2022.04.07"]
[Round "3.36"]
[White "Ritzka, Simon"]
[Black "De Wachter, Matthias"]
[Result "0-1"]
[BlackTitle "FM"]
[WhiteElo "2038"]
[BlackElo "2295"]
[WhiteFideId "12925390"]
[BlackFideId "201839"]
[EventDate "2022.04.06"]

1. e4 c6 2. d4 d5 3. exd5 cxd5 4. Bd3 Nf6 5. c3 Bg4 6. Qb3 Qc7 7. Ne2 Bxe2 8.
Bxe2 e6 9. Bf4 Qxf4 10. Qxb7 Qc1+ 11. Bd1 Bd6 12. Qc8+ Ke7 13. Qxh8 Qxb2 14. Qc8
Qxa1 15. Nd2 Qb2 16. Nb3 Nbd7 17. Qxa8 Qxc3+ 18. Nd2 Ne4 0-1

[Event "Kvika Reykjavik Open 2022"]
[Site "Reykjavik ISL"]
[Date "2022.04.07"]
[Round "3.37"]
[White "Large, Peter G"]
[Black "Steiner, Juraj"]
[Result "0-1"]
[WhiteTitle "IM"]
[WhiteElo "2293"]
[BlackElo "2028"]
[WhiteFideId "400866"]
[BlackFideId "367516"]
[EventDate "2022.04.06"]

1. e4 e6 2. d4 d5 3. Nc3 Bb4 4. exd5 exd5 5. Bd3 Nf6 6. a3 Bxc3+ 7. bxc3 Bg4 8.
Ne2 O-O 9. O-O Nbd7 10. Rb1 Nb6 11. f3 Bh5 12. Nf4 Bg6 13. Nxg6 fxg6 14. Bf4 Ne8
15. Qc1 Nd6 16. Re1 Qd7 17. Be5 Rae8 18. Qg5 c6 19. h4 Nbc4 20. Bxd6 Nxd6 21. h5
gxh5 22. Qxh5 g6 23. Qg5 Rxe1+ 24. Rxe1 Re8 25. Kf2 Rxe1 26. Kxe1 b5 27. Qf6 Nf7
28. Kf2 Qd6 29. Qxd6 Nxd6 30. Ke3 Kf7 31. g4 h5 32. Kf4 Kf6 33. g5+ Kg7 34. Bf1
a5 35. Bh3 Nc4 36. Bd7 Nxa3 37. Bxc6 a4 0-1

[Event "Kvika Reykjavik Open 2022"]
[Site "Reykjavik ISL"]
[Date "2022.04.07"]
[Round "3.38"]
[White "Jaivardhan, Raj"]
[Black "Berdnyk, Mariia"]
[Result "0-1"]
[WhiteTitle "CM"]
[BlackTitle "FM"]
[WhiteElo "2006"]
[BlackElo "2287"]
[WhiteFideId "25744437"]
[BlackFideId "14137054"]
[EventDate "2022.04.06"]

1. e4 g6 2. d4 Bg7 3. Nf3 d6 4. Nc3 a6 5. Bf4 Nd7 6. Qd2 b5 7. e5 Bb7 8. Be2 Nb6
9. exd6 cxd6 10. a3 Rc8 11. Rd1 Nc4 12. Bxc4 Rxc4 13. Be3 Bxf3 14. gxf3 Qa8 15.
Ke2 Qc8 16. h4 h5 17. Qd3 Nh6 18. Bxh6 Bxh6 19. Kf1 Bg7 20. Qe3 Qb7 21. Ne4 O-O
22. c3 a5 23. Rg1 Qd7 24. Rg3 Ra8 25. Nd2 Rcc8 26. Re1 Ra7 27. Ne4 b4 28. axb4
axb4 29. Qd3 bxc3 30. bxc3 Ra3 31. Rc1 d5 32. Nc5 Qd6 33. Qd2 Kh7 34. Qb2 Rca8
35. Qb7 R8a7 36. Qc8 Qf4 37. Nd3 Qd2 38. f4 Ra1 39. Re1 Rxe1+ 40. Nxe1 Ra2 41.
Nd3 Ra1+ 42. Kg2 Qd1 43. Qh3 Qf1+ 44. Kf3 Qxd3+ 45. Kg2 Qf1+ 46. Kf3 Qd1+ 47.
Kg2 Rc1 48. Re3 e6 49. Rg3 Qf1+ 50. Kf3 Rxc3# 0-1

[Event "Kvika Reykjavik Open 2022"]
[Site "Reykjavik ISL"]
[Date "2022.04.07"]
[Round "3.39"]
[White "Burlacu, Bogdan"]
[Black "Moerman, Thomas"]
[Result "1-0"]
[WhiteTitle "FM"]
[WhiteElo "2286"]
[BlackElo "2022"]
[WhiteFideId "1209507"]
[BlackFideId "235644"]
[EventDate "2022.04.06"]

1. e4 e6 2. d4 d5 3. Nd2 c5 4. exd5 Qxd5 5. dxc5 Bxc5 6. Ngf3 Nf6 7. Bc4 Qc6 8.
Qe2 O-O 9. O-O Nbd7 10. Nb3 b6 11. Nxc5 Qxc5 12. Bf4 Bb7 13. Rfd1 Qf5 14. Bg3
Rac8 15. c3 e5 16. Nh4 Qg5 17. Bb5 Rcd8 18. a4 e4 19. Qe3 Qg4 20. h3 Qe6 21. Rd6
Qb3 22. Rad1 Bd5 23. Rd2 a6 24. Be2 Be6 25. Qd4 Ra8 26. Bd1 Qa2 27. Bg4 Nxg4 28.
hxg4 Nc5 29. b4 Nb3 30. Rxa2 Nxd4 31. Rb2 Nb3 32. Nf5 Nc1 33. Rxb6 Nd3 34. Re2
Bd5 35. Ne7+ 1-0

[Event "Kvika Reykjavik Open 2022"]
[Site "Reykjavik ISL"]
[Date "2022.04.07"]
[Round "3.40"]
[White "Mahitosh, Dey"]
[Black "Balzer, Lars"]
[Result "1/2-1/2"]
[WhiteTitle "FM"]
[WhiteElo "2233"]
[BlackElo "2015"]
[WhiteFideId "25091468"]
[BlackFideId "4646452"]
[EventDate "2022.04.06"]

1. d4 Nf6 2. Nf3 g6 3. Bf4 Bg7 4. c3 d6 5. Nbd2 O-O 6. h3 b6 7. Qc2 Bb7 8. e4
Nbd7 9. Be2 Qe8 10. O-O e5 11. dxe5 dxe5 12. Be3 Qe7 13. b4 Kh8 14. Rab1 Nh5 15.
Bd3 Nf4 16. Bxf4 exf4 17. c4 c5 18. a3 Rfd8 19. Rfe1 Ne5 20. Nxe5 Qxe5 21. Rb3
Rd7 22. Nf3 1/2-1/2

[Event "Kvika Reykjavik Open 2022"]
[Site "Reykjavik ISL"]
[Date "2022.04.07"]
[Round "3.42"]
[White "Villiers, Thomas"]
[Black "Manukonda, Arun"]
[Result "1/2-1/2"]
[WhiteTitle "CM"]
[WhiteElo "2219"]
[BlackElo "2014"]
[WhiteFideId "427209"]
[BlackFideId "5080789"]
[EventDate "2022.04.06"]

1. Nf3 d5 2. e3 Nf6 3. c4 c6 4. b3 Bf5 5. Bb2 e6 6. Be2 h6 7. O-O Nbd7 8. d4 Bd6
9. Nbd2 O-O 10. Ne5 Ne4 11. Nxe4 Bxe4 12. f3 Bh7 13. Nxd7 Qxd7 14. Bd3 Bxd3 15.
Qxd3 Qc7 16. h3 dxc4 17. Qxc4 Qa5 18. Qd3 Ba3 19. Bc3 Bb4 20. Bxb4 Qxb4 21. Rac1
Rfd8 22. Rfd1 Qa3 23. Rc4 a5 24. Ra4 Qe7 25. Qc3 Qg5 26. Rc4 Qb5 27. Rc1 Rd5 28.
Qe1 Rad8 29. Rc5 Qd3 30. R1c3 Qg6 31. Rc1 Qd3 32. Qc3 Qe2 33. Rc4 Rg5 34. Qc2
Qxe3+ 35. Qf2 Qxf2+ 36. Kxf2 Rgd5 37. Ke3 e5 38. dxe5 Rxe5+ 39. Re4 Rxe4+ 40.
fxe4 Kf8 41. Rc5 Ra8 42. Kd4 Ke7 43. Rf5 b6 44. Rf2 Ke6 45. Rc2 Rc8 46. Rc1 Rd8+
47. Ke3 c5 48. a3 Rd4 49. Rf1 f6 50. Rf2 g6 51. Rc2 Ke5 52. Rc4 Rxc4 53. bxc4 a4
54. g3 h5 55. h4 Ke6 56. Kf2 Kd6 57. Ke2 Kc6 58. Kd3 b5 59. Kc3 Kb6 60. cxb5
Kxb5 61. Kd3 Kb6 62. Kc3 Kc7 63. Kd3 Kd6 64. Kc4 Kc6 65. Kd3 Kb5 66. Kc3 g5 67.
e5 gxh4 68. exf6 hxg3 69. f7 g2 70. f8=Q g1=Q 71. Qe8+ Kb6 72. Qd8+ Kc6 73. Qe8+
Kd6 74. Qd8+ Ke6 75. Qe8+ Kf6 76. Qf8+ Ke5 77. Qe7+ Kf4 78. Qf6+ Ke4 79. Qe6+
Kf3 80. Qf5+ Kg2 81. Qg6+ Kf1 82. Qd3+ Kg2 83. Qg6+ Kf2 84. Qf5+ Ke1 85. Qb1+
Kf2 86. Qf5+ 1/2-1/2

[Event "Kvika Reykjavik Open 2022"]
[Site "Reykjavik ISL"]
[Date "2022.04.07"]
[Round "3.43"]
[White "Cherniack, Alex"]
[Black "Carlsson, Gustav"]
[Result "1-0"]
[WhiteElo "2213"]
[BlackElo "2008"]
[WhiteFideId "2007606"]
[BlackFideId "1734148"]
[EventDate "2022.04.06"]

1. e4 e6 2. d4 d5 3. e5 c5 4. c3 Nc6 5. Nf3 Qb6 6. a3 c4 7. Nbd2 Na5 8. Be2 Bd7
9. O-O g6 10. Re1 Bg7 11. Rb1 Rc8 12. h4 h5 13. Nf1 Qb3 14. Bg5 Ba4 15. Qd2 Qb5
16. b4 Nb3 17. Qf4 Qa6 18. Rb2 Bb5 19. Ra2 Qc6 20. N3h2 Bh6 21. g4 Bxg5 22. Qxg5
hxg4 23. Nxg4 Rh5 24. Qf4 Qc7 25. Nge3 Rh7 26. Ng2 Qe7 27. Ng3 a5 28. a4 Bd7 29.
b5 Kd8 30. Bd1 Kc7 31. Bc2 Kb6 32. Rb1 Rf8 33. Bxb3 cxb3 34. Rxb3 f6 35. Qe3 f5
36. c4 dxc4 37. Rc3 Nh6 38. Rxc4 Ng4 39. Qd2 f4 40. d5 Ka7 41. Qxa5+ Kb8 42. b6
Bc6 43. Qa7+ Kc8 44. Qa8+ Kd7 45. dxc6+ 1-0

[Event "Kvika Reykjavik Open 2022"]
[Site "Reykjavik ISL"]
[Date "2022.04.07"]
[Round "3.44"]
[White "Jaksland, Tim"]
[Black "Gregersen, Einar"]
[Result "1/2-1/2"]
[WhiteTitle "FM"]
[WhiteElo "2203"]
[BlackElo "1822"]
[WhiteFideId "1401084"]
[BlackFideId "7200153"]
[EventDate "2022.04.06"]

1. e4 c5 2. c3 Nf6 3. e5 Nd5 4. Nf3 Nc6 5. d4 cxd4 6. cxd4 d6 7. Bc4 Nb6 8. Bb5
Bd7 9. exd6 exd6 10. Nc3 d5 11. O-O Be7 12. Re1 O-O 13. h3 a6 14. Bd3 Bf6 15.
Bf4 Be6 16. Rc1 Rc8 17. Bb1 h6 18. Qd3 g6 19. Bxh6 Re8 20. Qd1 Qd7 21. Bf4 Bf5
22. Rxe8+ Rxe8 23. b3 Be4 24. Ne5 Nxe5 25. dxe5 Bxe5 26. Bxe5 Rxe5 27. Qd4 Qe6
28. Rd1 Bxb1 29. Rxb1 Nd7 30. Rd1 Nf6 31. Qd2 Qf5 32. Qd4 Qe6 33. Qd2 Qf5 34.
Qd4 Qe6 1/2-1/2

[Event "Kvika Reykjavik Open 2022"]
[Site "Reykjavik ISL"]
[Date "2022.04.07"]
[Round "3.45"]
[White "Filipovich, David"]
[Black "Lohia, Sohum"]
[Result "0-1"]
[BlackTitle "CM"]
[WhiteElo "1975"]
[BlackElo "2196"]
[WhiteFideId "2600706"]
[BlackFideId "5819369"]
[EventDate "2022.04.06"]

1. Nf3 Nf6 2. g3 e6 3. Bg2 d5 4. O-O b5 5. d4 Bb7 6. Nbd2 Nbd7 7. a4 a6 8. c3 c5
9. e3 Bd6 10. Qe2 O-O 11. e4 Nxe4 12. Nxe4 dxe4 13. Ng5 Nf6 14. Nxe4 Nxe4 15.
Bxe4 Qb6 16. Bxb7 Qxb7 17. dxc5 Bxc5 18. Be3 Bxe3 19. Qxe3 Rfd8 20. axb5 axb5
21. Rxa8 Qxa8 22. Qe2 Qd5 23. Ra1 Qb3 24. Ra5 Rd1+ 25. Kg2 Qd5+ 26. Kh3 Rg1 27.
Rxb5 Qg2+ 28. Kg4 h6 29. Rb8+ Kh7 30. Kf4 f5 31. Re8 Qd5 32. h4 Qd6+ 33. Ke3
Qb6+ 34. Kf4 Rg2 35. Qe1 Rxf2+ 36. Ke5 Rf3 37. Qd1 Qb5+ 38. Kd4 Qd5# 0-1